ဝွၵ်းသႅင်ထမ်းမၢႆ-သီႇ / (Record no. 27001)

000 -LEADER
fixed length control field 01213nam a22002417a 4500
003 - CONTROL NUMBER IDENTIFIER
control field OSt
005 - DATE AND TIME OF LATEST TRANSACTION
control field 20260124092112.0
008 - FIXED-LENGTH DATA ELEMENTS--GENERAL INFORMATION
fixed length control field 230710b ||||| |||| 00| 0 eng d
040 ## - CATALOGING SOURCE
Transcribing agency SSBUL
041 ## - LANGUAGE CODE
Language code of text/sound track or separate title Shan
082 ## - DEWEY DECIMAL CLASSIFICATION NUMBER
Classification number 294.3368
100 ## - MAIN ENTRY--PERSONAL NAME
Personal name ဢရိယၺႃၼ
Titles and words associated with a name ၸဝ်ႈသြႃႇ (ၼမ်ႉႁူႈၼွႆႉ)
245 ## - TITLE STATEMENT
Title ဝွၵ်းသႅင်ထမ်းမၢႆ-သီႇ /
Statement of responsibility, etc. ၸဝ်ႈသြႃႇဢရိယၺႃၼ (ၼမ်ႉႁူးၼွႆႉ)
260 ## - PUBLICATION, DISTRIBUTION, ETC.
Place of publication, distribution, etc. တႃႈၵုင်ႈ
Name of publisher, distributor, etc. ဢေး
Date of publication, distribution, etc. 2016
300 ## - PHYSICAL DESCRIPTION
Extent U၊ 117 ၼႃႈ
Dimensions 21 ၸိၼ်ႇထီႇ
500 ## - GENERAL NOTE
General note S-SAT: Dr. Prof Sai Aung Tun
General note ပပ်ႉၸဝ်ႈတႃႇၼႁင်းၶေႃတွၵ်ႉတိူဝ်ႇၸၢႆးဢွင်ႇထုၼ်းလူႇတၢၼ်ႈဝႆႉ ပပ်ႉမၢႆ- 2355 ပပ်ႉၼိုင်ႈ<br/>ပိုၼ်ဢွၵ်ႇတီႈမၢႆတွင်းပွႆးပီၵွၼ်းငိုၼ်းၵျွင်းမၢဝ်းၶမ်း
650 ## - SUBJECT ADDED ENTRY--TOPICAL TERM
Topical term or geographic name entry element ဝွၵ်း-ပုတ်ႉထၽႃႇသႃႇ
942 ## - ADDED ENTRY ELEMENTS (KOHA)
Koha item type Book (Short term)
100 ## - MAIN ENTRY--PERSONAL NAME
9 (RLIN) 27709
650 ## - SUBJECT ADDED ENTRY--TOPICAL TERM
9 (RLIN) 21962
Source of classification or shelving scheme
Source of classification or shelving scheme
Source of classification or shelving scheme
Holdings
Withdrawn status Lost status Source of classification or shelving scheme Damaged status Not for loan Collection Code Permanent Location Current Location Shelving location Date acquired Total Checkouts Full call number Barcode Date last seen Copy number Price effective from Koha item type Accession Total Renewals Date last checked out
          Special Collections Shan State Buddhist University Library Shan State Buddhist University Library Special Collection Shelves 10/07/2023   294.3368 ဢ ႒႓႕႕ S-SAT SH00002355 10/07/2023 1 10/07/2023 Book (Short term) ႒႓႕႕ S-SAT    
          Tai Collection Shan State Buddhist University Library Shan State Buddhist University Library Tai Shelves 13/07/2023   294.3368 ဢ ႒႐႐(1) SH00000200 13/07/2023 2 13/07/2023 Books (Long term) ႒႐႐(1)    
          Tai Collection Shan State Buddhist University Library Shan State Buddhist University Library Tai Shelves 13/07/2023 1 294.3368 ဢ ႒႑႓(2) SH00000213 01/12/2025 3 13/07/2023 Books (Long term) ႒႑႓(2) 2 17/10/2025
          Tai Collection Shan State Buddhist University Library Shan State Buddhist University Library Tai Shelves 13/07/2023   294.3368 ဢ ႕႓႘(3) SH00000538 13/07/2023 4 13/07/2023 Books (Long term) ႕႓႘(3)    
          Tai Collection Shan State Buddhist University Library Shan State Buddhist University Library Tai Shelves 13/07/2023 1 294.3368 ဢ ႕႓႙(4) SH00000539 08/01/2024 5 13/07/2023 Books (Long term) ႕႓႙(4)   06/01/2024
          Tai Collection Shan State Buddhist University Library Shan State Buddhist University Library Tai Shelves 13/07/2023   294.3368 ဢ ႕႔႐(5) SH00000540 13/07/2023 6 13/07/2023 Books (Long term) ႕႔႐(5)    
          Tai Collection Shan State Buddhist University Library Shan State Buddhist University Library Tai Shelves 13/07/2023   294.3368 ဢ ႕႔႑(6) SH00000541 13/07/2023 7 13/07/2023 Books (Long term) ႕႔႑(6)    

Library - 09407999929
Admin Office - 09407999979
Dean Office - 09250910768
Registrar Office - 09892297154
Email - [email protected]
Shan State Buddhist University, Phaya Phyu Taunggyi, Shan State, Myanmar.